Производство автомобильных бензинов

Bibliographic Details
Main Author: Емельянов В. Е.
Summary:В книге изложены требования к качеству вырабатываемых и перспективных автомобильных бензинов.Приведено краткое описание современных технологических процессов переработки нефти с целью получения бензиновых компонентов. Рассмотрено производство различных оксигенатов — высокооктановых кислородсодержащих соединений, применяемых в составе автобензинов.Подробно охарактеризованы физические, химические и эксплуатационные свойства различных бензиновых компонентов, а также присадок и добавок для улучшения эксплуатационных свойств.Рассмотрены вопросы контроля качества, транспортирования, хранения и применения автобензинов.Монография предназначена для инженерно-технических работников предприятий нефтеперерабатывающей и нефтехимической промышленности, работников автотранспортных предприятий, а также бизнесменов, экономистов и менеджеров этих отраслей.Книга может быть полезной студентам высших учебных заведений соответствующих специальностей.
Language:Russian
Published: Москва, Техника, 2008
Subjects:
Format: Book
KOHA link:https://koha.lib.tpu.ru/cgi-bin/koha/opac-detail.pl?biblionumber=213905

MARC

LEADER 00000nam0a2200000 4500
001 213905
005 20231101225841.0
010 |a 5939690343 
035 |a (RuTPU)RU\TPU\book\233748 
090 |a 213905 
100 |a 20120419d2008 km y0rusy50 ca 
101 0 |a rus 
102 |a RU 
105 |a a z 001zy 
200 1 |a Производство автомобильных бензинов  |f В. Е. Емельянов 
210 |a Москва  |c Техника  |c ТУМА ГРУПП  |d 2008 
215 |a 192 с.  |c ил. 
320 |a Библиогр.: с. 183-190. 
330 |a В книге изложены требования к качеству вырабатываемых и перспективных автомобильных бензинов.Приведено краткое описание современных технологических процессов переработки нефти с целью получения бензиновых компонентов. Рассмотрено производство различных оксигенатов — высокооктановых кислородсодержащих соединений, применяемых в составе автобензинов.Подробно охарактеризованы физические, химические и эксплуатационные свойства различных бензиновых компонентов, а также присадок и добавок для улучшения эксплуатационных свойств.Рассмотрены вопросы контроля качества, транспортирования, хранения и применения автобензинов.Монография предназначена для инженерно-технических работников предприятий нефтеперерабатывающей и нефтехимической промышленности, работников автотранспортных предприятий, а также бизнесменов, экономистов и менеджеров этих отраслей.Книга может быть полезной студентам высших учебных заведений соответствующих специальностей. 
606 1 |a Бензин автомобильный  |x Производство  |2 stltpush  |3 (RuTPU)RU\TPU\subj\33998  |9 56081 
610 1 |a автомобильный транспорт 
610 1 |a товарные бензины 
610 1 |a качество 
610 1 |a экологические проблемы 
610 1 |a физико-химические свойства 
610 1 |a эксплуатационные свойства 
610 1 |a компоненты 
610 1 |a присадки 
610 1 |a добавки 
610 1 |a ассортимент 
610 1 |a автобензины 
610 1 |a качество 
610 1 |a транспортирование 
610 1 |a хранение 
610 1 |a сертификация 
675 |a 665.633  |v 3 
700 1 |a Емельянов  |b В. Е. 
801 1 |a RU  |b 63413507  |c 20120419 
801 2 |a RU  |b 63413507  |c 20230330  |g RCR 
942 |c BK 
959 |a 61/20120419  |d 2  |e 420,00  |f ЧЗТЛ:1  |f АНЛ:1